000 00336nam a2200145Ia 4500
005 20251222152724.0
008 251222s9999||||xx |||||||||||||| ||spa||
020 _a8478805036
082 _a868/G45
100 _aGila, Miguel
245 0 _aY entonces NacĂ­ Yo
250 _a1ra.ed.
264 _bEdiciones Temas de Hoy
942 _cLIB
999 _c29681
_d29681